|
|
|
|
| LEADER |
00000naa0a2200000 4500 |
| 001 |
641862 |
| 005 |
20250603142536.0 |
| 035 |
|
|
|a (RuTPU)RU\TPU\network\6779
|
| 035 |
|
|
|a RU\TPU\network\6762
|
| 090 |
|
|
|a 641862
|
| 100 |
|
|
|a 20150605d2014 k y0rusy50 ca
|
| 101 |
0 |
|
|a rus
|
| 102 |
|
|
|a RU
|
| 135 |
|
|
|a drcn ---uucaa
|
| 181 |
|
0 |
|a i
|
| 182 |
|
0 |
|a b
|
| 200 |
1 |
|
|a Технологии управления персоналом в системе стресс-менеджмента
|d Technologies of human resource management in stressmenedzhmenta system
|f Я. И. Чаплинская, Р. Б. Квеско
|
| 203 |
|
|
|a Текст
|c электронный
|
| 225 |
1 |
|
|a Управление качеством
|
| 300 |
|
|
|a Заглавие с экрана
|
| 320 |
|
|
|a [Библиогр.: с. 418 (2 назв.)]
|
| 463 |
|
|
|t Инноватика - 2014
|o сборник материалов X Всероссийской школы-конференции студентов, аспирантов и молодых ученых с международным участием, Томск, 23-25 апреля 2014 г.
|v [С. 414-418]
|d 2014
|
| 510 |
1 |
|
|a Technologies of human resource management in stressmenedzhmenta system
|z eng
|
| 610 |
1 |
|
|a электронный ресурс
|
| 610 |
1 |
|
|a труды учёных ТПУ
|
| 610 |
1 |
|
|a управление персоналом
|
| 610 |
1 |
|
|a стресс-менеджмент
|
| 610 |
1 |
|
|a стрессы
|
| 610 |
1 |
|
|a технологии
|
| 610 |
1 |
|
|a образовательная деятельность
|
| 700 |
|
1 |
|a Чаплинская
|b Я. И.
|c экономист
|c младший научный сотрудник Томского политехнического университета
|f 1992-
|g Яна Игоревна
|3 (RuTPU)RU\TPU\pers\40661
|
| 701 |
|
1 |
|a Квеско
|b Р. Б.
|c философ
|c доцент Томского политехнического университета, доктор философских наук
|f 1943-
|g Раиса Брониславовна
|3 (RuTPU)RU\TPU\pers\25429
|
| 712 |
0 |
2 |
|a Национальный исследовательский Томский политехнический университет (ТПУ)
|b Институт социально-гуманитарных технологий (ИСГТ)
|b Кафедра философии (ФИЛ)
|3 (RuTPU)RU\TPU\col\18928
|
| 801 |
|
1 |
|a RU
|b 63413507
|c 20141010
|
| 801 |
|
2 |
|a RU
|b 63413507
|c 20181026
|g RCR
|
| 850 |
|
|
|a 63413507
|
| 856 |
4 |
|
|u http://vital.lib.tsu.ru/vital/access/manager/Repository/vtls:000503454
|
| 942 |
|
|
|c CF
|